Big 4 GOATs - Statistics

General Stats
  • This quiz has been taken 15 times
  • The average score is 42 of 124
Answer Stats
Team % Correct
NE Patriots Tom Brady
87%
CLE Cavaliers LeBron James
80%
CHI Bulls Michael Jordan
80%
GS Warriors Stephen Curry
80%
NY Yankees Babe Ruth
73%
ARI Diamondbacks Randy Johnson
73%
LA Lakers Magic Johnson
67%
IND Colts Peyton Manning
67%
EDM Oilers Wayne Gretzky
67%
BOS Celtics Bill Russell
60%
HOU Rockets Hakeem Olajuwon
60%
UTA Jazz John Stockton
60%
ARI Cardinals Larry Fitzgerald
60%
ORL Magic Shaquille O'Neal
60%
BUF Bills Bruce Smith
53%
DAL Mavericks Dirk Nowitzki
53%
CHI White Sox Frank Thomas
53%
DET Pistons Isiah Thomas
53%
DEN Broncos John Elway
53%
OKC Thunder Kevin Durant
53%
MIN Timberwolves Kevin Garnett
53%
DEN Nuggets Nikola Jokic
53%
KC Chiefs Patrick Mahomes
53%
BAL Ravens Ray Lewis
53%
SA Spurs Tim Duncan
53%
DET Lions Barry Sanders
47%
PHX Suns Charles Barkley
47%
POR Trail Blazers Clyde Drexler
47%
NO Saints Drew Brees
47%
MIA Heat Dwyane Wade
47%
JAX Jaguars Fred Taylor
47%
SF 49ers Jerry Rice
47%
CLE Browns Jim Brown
47%
MIL Bucks Kareem Abdul-Jabbar
47%
NY Giants Lawrence Taylor
47%
ATL Falcons Matt Ryan
47%
PHI 76ers Moses Malone
47%
IND Pacers Reggie Miller
47%
PIT Penguins Sidney Crosby
47%
BOS Red Sox Ted Williams
47%
WSH Capitals Alexander Ovechkin
40%
NO Pelicans Anthony Davis
40%
BAL Orioles Cal Ripken Jr.
40%
MIA Dolphins Dan Marino
40%
WAS Commanders Darrell Green
40%
ATL Hawks Dominique Wilkins
40%
KC Royals George Brett
40%
HOU Texans J.J. Watt
40%
PIT Steelers Joe Greene
40%
LA Angels Mike Trout
40%
DAL Cowboys Roger Staubach
40%
TOR Raptors Vince Carter
40%
GB Packers Bart Starr
33%
BOS Bruins Bobby Orr
33%
LA Clippers Chris Paul
33%
DET Red Wings Gordie Howe
33%
ATL Braves Hank Aaron
33%
NY Jets Joe Namath
33%
CIN Reds Johnny Bench
33%
SEA Mariners Ken Griffey Jr.
33%
MEM Grizzlies Marc Gasol
33%
SAC Kings Oscar Robertson
33%
PHI Eagles Reggie White
33%
SD Padres Tony Gwynn
33%
DET Tigers Ty Cobb
33%
LA Rams Aaron Donald
27%
CHI Cubs Ernie Banks
27%
TB Rays Evan Longoria
27%
BKN Nets Jason Kidd
27%
CHA Hornets Kemba Walker
27%
LA Chargers LaDanian Tomlinson
27%
NY Rangers Mark Messier
27%
PHI Phillies Mike Schmidt
27%
CBJ Blue Jackets Rick Nash
27%
PIT Pirates Roberto Clemente
27%
STL Cardinals Stan Musial
27%
COL Rockies Todd Helton
27%
CHI Bears Walter Payton
27%
TEN Titans Warren Moon
27%
NY Knicks Willis Reed
27%
CIN Bengals Anthony Munoz
20%
HOU Astros Craig Biggio
20%
TB Buccaneers Derrick Brooks
20%
WAS Wizards Elvin Hayes
20%
MIN Vikings Fran Tarkenton
20%
MIN Twins Harmon Killebrew
20%
VAN Canucks Henrik Sedin
20%
CGY Flames Jarome Iginla
20%
COL Avalanche Joe Sakic
20%
LA Kings Marcel Dionne
20%
DAL Stars Mike Modano
20%
ATH Athletics Rickey Henderson
20%
MTL Canadiens Rocket Richard
20%
LA Dodgers Sandy Koufax
20%
ANA Ducks Teemu Selanne
20%
SF Giants Willie Mays
20%
PHI Flyers Bobby Clarke
13%
CHI Blackhawks Bobby Hull
13%
CLE Guardians Bob Feller
13%
STL Blues Brett Hull
13%
OTT Senators Daniel Alfredsson
13%
MIA Marlins Giancarlo Stanton
13%
CAR Panthers Julius Peppers
13%
UTA Mammoth Keith Tkachuk
13%
LV Raiders Ken Stabler
13%
NJ Devils Martin Brodeur
13%
NY Islanders Mike Bossy
13%
NSH Predators Pekka Rinne
13%
MIL Brewers Robin Yount
13%
TOR Blue Jays Roy Halladay
13%
SEA Seahawks Steve Largent
13%
TB Lightning Steven Stamkos
13%
TEX Rangers Adrian Beltre
7%
WPG Jets Dale Hawerchuk
7%
SEA Kraken Jared McCann
7%
MIN Wild Mikko Koivu
7%
SJ Sharks Patrick Marleau
7%
FLA Panthers Roberto Luongo
7%
CAR Hurricanes Ron Francis
7%
WSH Nationals Tim Raines
7%
NY Mets Tom Seaver
7%
TOR Maple Leafs Darryl Sittler
0%
BUF Sabres Gilbert Perreault
0%
VGK Golden Knights Jonathan Marchessault
0%
No matching quizzes found
Score Distribution
Percent of People with Each Score
Percentile by Number Answered
Your Score History
You have not taken this quiz